00535nam a22001577a 450000500170000000800410001702000180005804100130007608200150008910000130010424501330011725000190025026000520026930000310032165000250035220231124145003.0231124b |||||||| |||| 00| 0 eng d a9789991640969 aEnglish  a340.5 HIN  lEnglish  aCustomary Law Ascertained : bThe Customary Law of the Owambo, Kavango and Caprivi Communities of Namibia / cedited by MO Hinz  aFirst Edition  aWindhoek : bNamibia Scientific Society, c2010 bxii, 565 pages ; c25 cm.  aLegal practice bLaw